[Event "Titled Tue 26th Aug Early"]
[Site "chess.com INT"]
[Date "2025.08.26"]
[Round "9"]
[White "Smirnov, Mark"]
[Black "Hajialiyev, Islam"]
[Result "0-1"]
[WhiteTitle "FM"]
[BlackTitle "CM"]
[WhiteElo "2359"]
[BlackElo "2138"]
[WhiteFideId "13764594"]
[BlackFideId "13442724"]
[EventDate "2025.08.26"]

1. b3 e5 2. Bb2 Nc6 3. c4 g6 4. g3 Bg7 5. Bg2 Nge7 6. e3 d5 7. cxd5 Nxd5 8. a3
O-O 9. Ne2 Be6 10. O-O Qd7 11. b4 a5 12. b5 Nce7 13. a4 Nb4 14. d4 Rad8 15. Na3
exd4 16. Nxd4 Bg4 17. Qb3 Bh3 18. Rfd1 Bxg2 19. Kxg2 Qd5+ 20. Qxd5 Rxd5 21. Rac1
Rd7 22. Nc4 b6 23. Nf3 Rxd1 24. Rxd1 Bxb2 25. Nxb2 Rc8 26. Nc4 Kf8 27. Nfe5 Ke8
28. e4 f6 29. Ng4 Ng8 30. f4 Ke7 31. Kf3 Ke6 32. Nge3 f5 33. exf5+ gxf5 34. Re1
Nd3 35. Re2 Nf6 36. g4 fxg4+ 37. Nxg4+ Kf7 38. Nce5+ Nxe5+ 39. Nxe5+ Ke6 40.
Nc6+ Kd6 41. f5 Kc5 42. Re6 Nd5 43. Ke4 Nc3+ 44. Kd3 Nxa4 45. f6 Kxb5 46. Nd4+
Ka6 47. Kc4 Rf8 48. Nc6 Kb7 49. Ne5 Nc5 50. Re7 Rxf6 51. Rxh7 a4 52. h4 a3 53.
Rg7 Re6 54. Nf3 Re4+ 55. Kd5 a2 0-1

[Event "Titled Tue 26th Aug Early"]
[Site "chess.com INT"]
[Date "2025.08.26"]
[Round "9"]
[White "Kaufman, David"]
[Black "Buksa, Nataliya"]
[Result "0-1"]
[WhiteTitle "IM"]
[BlackTitle "IM"]
[WhiteElo "2447"]
[BlackElo "2400"]
[WhiteFideId "34220194"]
[BlackFideId "14123622"]
[EventDate "2025.08.26"]

1. d4 d5 2. c4 e6 3. Nf3 Nf6 4. g3 Be7 5. Bg2 O-O 6. O-O dxc4 7. Ne5 c5 8. dxc5
Qc7 9. Nxc4 Rd8 10. Qb3 Nc6 11. Be3 Nd4 12. Bxd4 Rxd4 13. Nc3 Rd8 14. Rac1 Bxc5
15. Na4 Qe7 16. Na5 Bb4 17. Nc4 Rb8 18. a3 Bd6 19. Nxd6 Rxd6 20. Rc2 b6 21. Rfc1
Bd7 22. Nc5 Be8 23. Nd3 Rbd8 24. h3 h6 25. Kh2 h5 26. Qc4 e5 27. Qb4 Qe6 28. Rc7
R6d7 29. Rxd7 Bxd7 30. Rc7 a5 31. Qc3 Re8 32. e4 h4 33. g4 Bb5 34. Ne1 Nd7 35.
Nf3 Nc5 36. Nxh4 Qd6 37. Rxc5 Qxc5 38. Qg3 g6 39. Nf3 Bc6 40. Ng5 Kg7 41. h4 Qd6
42. h5 Qf6 43. Nh3 g5 44. Qe3 Kh6 45. Ng1 Bd7 46. Nh3 Bxg4 47. Qg3 Bxh5 48. Ng1
Qf4 0-1

[Event "Titled Tue 26th Aug Early"]
[Site "chess.com INT"]
[Date "2025.08.26"]
[Round "9"]
[White "Parfenov, Viktor N."]
[Black "Lotero, Faiber"]
[Result "1-0"]
[WhiteTitle "CM"]
[BlackTitle "FM"]
[WhiteElo "2193"]
[BlackElo "2127"]
[WhiteFideId "4165969"]
[BlackFideId "4404190"]
[EventDate "2025.08.26"]

1. d4 d5 2. c4 e6 3. Nf3 c5 4. g3 cxd4 5. Bg2 dxc4 6. Qxd4 Qxd4 7. Nxd4 a6 8.
Nd2 e5 9. N4f3 Nc6 10. Nxc4 Be6 11. Nfxe5 Bb4+ 12. Bd2 Bxd2+ 13. Kxd2 O-O-O+ 14.
Kc3 Nge7 15. Nxc6 bxc6 16. Rhd1 Kb7 17. a3 Bd5 18. e4 Bxc4 19. Kxc4 Kb6 20. e5
c5 21. Rd6+ Kc7 22. Rxa6 Nf5 23. Rc6+ Kb8 24. Rxc5 Rd4+ 25. Kc3 Rhd8 26. Rc1 Rd2
27. Rc2 R2d3+ 28. Kb4 Nd4 29. Be4 Rb3+ 30. Ka5 Nxc2 31. Rxc2 Rd7 32. Ka4 Rb6 33.
b4 Rd4 34. f3 Rd1 35. Ka5 Re6 36. a4 Rxe5+ 37. b5 Re7 38. Kb6 Re6+ 39. Rc6 Re7
40. a5 Rdd7 41. a6 g6 42. g4 h6 43. h4 h5 44. g5 Re6 45. Rxe6 fxe6 46. Kc5 e5
47. b6 Rd1 48. a7+ 1-0

[Event "Titled Tue 26th Aug Early"]
[Site "chess.com INT"]
[Date "2025.08.26"]
[Round "9"]
[White "Tikhonov, Viacheslav"]
[Black "Kavyev, Ruslan"]
[Result "0-1"]
[WhiteTitle "CM"]
[BlackTitle "FM"]
[WhiteElo "2183"]
[BlackElo "2179"]
[WhiteFideId "44196407"]
[BlackFideId "34110981"]
[EventDate "2025.08.26"]

1. e4 c5 2. Nf3 e6 3. b3 b6 4. Bb2 Bb7 5. Qe2 Nc6 6. g3 Rc8 7. Bg2 Nf6 8. e5 Nd5
9. O-O Be7 10. d4 Nxd4 11. Nxd4 cxd4 12. Bxd4 Qc7 13. c4 Nb4 14. Bxb7 Qxb7 15.
Bb2 O-O 16. Nc3 a6 17. Ne4 b5 18. Nf6+ Kh8 19. Rad1 gxf6 20. exf6 Bc5 21. a3 Nc6
22. b4 Ba7 23. c5 d5 24. cxd6 Qd7 25. Qh5 Rg8 26. Rfe1 Rg6 27. Qh4 Rcg8 28. Qf4
Rg4 29. Qf3 R4g5 30. Rc1 Rd5 31. Qe4 Bd4 32. Bxd4 Nxd4 33. Rcd1 Qxd6 34. Rd3
Ne2+ 35. Rxe2 Rxd3 36. Qh4 Qd5 37. Re1 Rd1 38. Kf1 Qd3+ 39. Kg2 Rxe1 40. Qf4
Qe4+ 0-1

[Event "Titled Tue 26th Aug Early"]
[Site "chess.com INT"]
[Date "2025.08.26"]
[Round "9"]
[White "Newansa, M Esandi"]
[Black "Goncharov, Vladimir"]
[Result "1/2-1/2"]
[WhiteTitle "WFM"]
[WhiteElo "1951"]
[BlackElo "2077"]
[WhiteFideId "9999060"]
[BlackFideId "34162256"]
[EventDate "2025.08.26"]

1. d4 Nf6 2. Bf4 e6 3. e3 b6 4. Nf3 Bb7 5. c3 Nh5 6. Bg5 Be7 7. Bxe7 Qxe7 8.
Nbd2 d6 9. Bd3 Nd7 10. O-O O-O 11. h4 f5 12. Ng5 Nhf6 13. f4 h6 14. Ngf3 Ng4 15.
Qe2 Ndf6 16. g3 Nh5 17. Kg2 e5 18. dxe5 dxe5 19. Kh3 Kh8 20. Nxe5 Qe8 21. Nxg4
fxg4+ 22. Kh2 Rd8 23. Nb3 Nf6 24. Bb5 Qe4 25. Nd2 Qd5 26. Rfd1 a6 27. Bxa6 Ba8
28. Nb3 Qf3 29. Nd4 Qxe2+ 30. Bxe2 Rfe8 31. Nf5 Rxd1 32. Rxd1 Ne4 33. Rd7 Nf2
34. Re7 Rd8 35. Nd4 Be4 36. Bc4 c5 37. Ne6 Rd1 38. Re8+ Kh7 39. Nf8+ Kh8 40.
Ng6+ Kh7 41. Nf8+ Kh8 42. Ne6+ Kh7 43. Nf8+ 1/2-1/2

[Event "Titled Tue 26th Aug Early"]
[Site "chess.com INT"]
[Date "2025.08.26"]
[Round "9"]
[White "Karttunen, Mika"]
[Black "Banzea, Alexandru-Bogdan"]
[Result "1-0"]
[WhiteTitle "IM"]
[BlackTitle "IM"]
[WhiteElo "2490"]
[BlackElo "2394"]
[WhiteFideId "502081"]
[BlackFideId "1232622"]
[EventDate "2025.08.26"]

1. e4 c6 2. d4 d5 3. e5 Bf5 4. h4 a6 5. g4 Bd7 6. h5 c5 7. dxc5 Qc8 8. g5 e6 9.
Nd2 Bxc5 10. Nb3 Ba7 11. Nf3 Ne7 12. Bd3 Nbc6 13. c3 Qc7 14. Qe2 Bb6 15. Bd2 Na5
16. Nxa5 Bxa5 17. Nd4 Bb6 18. Rh4 O-O-O 19. Be3 Kb8 20. a4 Nc6 21. Nxc6+ Bxc6
22. Bxb6 Qxb6 23. Rb4 Qc5 24. Bxa6 d4 25. Bc4 dxc3 26. bxc3 Rd7 27. a5 Rhd8 28.
a6 b6 29. Qe3 Qxe3+ 30. fxe3 Ka7 31. Rab1 Be4 32. R1b2 Rd1+ 33. Ke2 Rg1 34. Rxb6
Rg2+ 35. Ke1 Rg1+ 36. Bf1 Bd3 37. Rb7+ Kxa6 38. Rxf7 Bxf1 39. Rxf1 Rd1+ 40. Kxd1
Rxf1+ 41. Ke2 Rf5 42. g6 hxg6 43. hxg6 Rxe5 44. Kf3 Rg5 45. Rg2 Rxg6 46. Rxg6 1-0

[Event "Titled Tue 26th Aug Early"]
[Site "chess.com INT"]
[Date "2025.08.26"]
[Round "9"]
[White "Marcziter, Dmitrii"]
[Black "Swarna Nihal"]
[Result "0-1"]
[WhiteTitle "FM"]
[BlackTitle "FM"]
[WhiteElo "2188"]
[BlackElo "2366"]
[WhiteFideId "13900765"]
[BlackFideId "25683640"]
[EventDate "2025.08.26"]

1. e4 c5 2. Nf3 g6 3. c3 d5 4. exd5 Qxd5 5. d4 Bg7 6. Na3 cxd4 7. Nb5 Na6 8. Be2
Nf6 9. Nbxd4 O-O 10. O-O Nc5 11. Nb5 Bg4 12. h3 Bd7 13. Nc7 Qxd1 14. Rxd1 Rac8
15. Bf4 Bc6 16. Nb5 Bxb5 17. Bxb5 a6 18. Bf1 Rfd8 19. Be3 Nfe4 20. Bd4 Na4 21.
Rab1 Bxd4 22. Nxd4 e5 23. Nf3 Rxd1 24. Rxd1 Nxb2 25. Rd7 Nc5 26. Rd2 Nba4 27.
Nxe5 Nxc3 28. Bc4 b5 29. Bxf7+ Kg7 30. Bb3 Re8 31. f4 g5 32. g3 N3e4 33. Rg2
Nxb3 34. axb3 Rd8 35. fxg5 Rd1+ 36. Kh2 Nd2 37. Re2 Nxb3 38. h4 a5 39. h5 Rd2
40. Rxd2 Nxd2 41. Nc6 a4 42. Nb4 Ne4 43. g4 Nc3 44. Kg3 a3 45. Kf4 a2 46. Nxa2
Nxa2 47. Ke4 Nc3+ 48. Kd3 Nd5 49. Kd4 b4 50. Kc4 Kf7 51. Kb3 Ke6 52. Kc4 Ke5 53.
Kb3 Kf4 54. g6 h6 55. g7 Nf6 56. Kxb4 Kxg4 57. Kc5 Kxh5 58. Kd6 Kg6 59. Ke6 Kxg7
60. Kf5 Kf7 61. Kf4 Kg6 62. Kg3 Kg5 63. Kh3 h5 64. Kg3 h4+ 65. Kh3 Kh5 66. Kg2
Kg4 67. Kh2 h3 68. Kh1 Kg3 69. Kg1 Ng4 70. Kh1 Nf2+ 71. Kg1 h2+ 72. Kf1 h1=Q+
73. Ke2 Qd1+ 74. Ke3 Qd3# 0-1

[Event "Titled Tue 26th Aug Early"]
[Site "chess.com INT"]
[Date "2025.08.26"]
[Round "9"]
[White "Goldin, Roman"]
[Black "Bodemar, Jonathan"]
[Result "0-1"]
[WhiteTitle "FM"]
[BlackTitle "CM"]
[WhiteElo "2284"]
[BlackElo "2154"]
[WhiteFideId "2803860"]
[BlackFideId "6205488"]
[EventDate "2025.08.26"]

1. e4 e6 2. d4 d5 3. Nd2 Be7 4. Ngf3 Nf6 5. exd5 exd5 6. Bd3 O-O 7. h3 c5 8.
dxc5 Bxc5 9. O-O h6 10. Nb3 Bb6 11. Re1 Nc6 12. Be3 Be6 13. Bxb6 Qxb6 14. c3
Rfe8 15. Nfd4 Bd7 16. Qd2 Ne5 17. Be2 Nc4 18. Qc2 Rac8 19. a4 Ne5 20. a5 Qc7 21.
a6 b6 22. Bb5 Ne4 23. Rad1 Rcd8 24. Bf1 Ng6 25. g3 Ne5 26. Bg2 Nf6 27. Qc1 Bc8
28. Qf4 Bxa6 29. Nf5 Bc4 30. Nbd4 Nh7 31. h4 Qb8 32. Nxg7 Kxg7 33. Nf5+ Kh8 34.
Qxh6 Rg8 35. Re3 Ng4 36. Qh5 Nxe3 37. Nxe3 Rg6 0-1

[Event "Titled Tue 26th Aug Early"]
[Site "chess.com INT"]
[Date "2025.08.26"]
[Round "9"]
[White "Kulik, Nicolas"]
[Black "Sergiienko, Andrii"]
[Result "1-0"]
[WhiteElo "2111"]
[BlackElo "1921"]
[WhiteFideId "3009530"]
[BlackFideId "14194376"]
[EventDate "2025.08.26"]

1. e4 c5 2. Nf3 e6 3. d4 cxd4 4. Nxd4 a6 5. Bd3 Qc7 6. Qe2 b5 7. a4 b4 8. O-O
Bb7 9. Nd2 Be7 10. Nc4 d5 11. exd5 Bxd5 12. a5 Nd7 13. Ne3 Bb7 14. Qh5 Ngf6 15.
Nxe6 Qc6 16. Nxg7+ Kd8 17. Qxf7 Ne5 18. Qb3 Rg8 19. Ne6+ Kd7 20. Nf4 Rxg2+ 21.
Nexg2 Rg8 22. Bf5+ Ke8 23. Bh3 Nf3+ 24. Kh1 Ng5 25. Re1 Nxh3 26. Qxh3 Ng4 27.
Rxe7+ Kxe7 28. Qxh7+ Kf8 29. Qf5+ Nf6 30. Ne6+ Ke7 31. f3 Qxf3 32. Qxf3 Bxf3 33.
Nf4 Nd5 34. Nxd5+ Bxd5 35. Kg1 Rxg2+ 36. Kf1 Rxh2 37. b3 Rh1+ 38. Ke2 Kd7 39.
Bb2 1-0

[Event "Titled Tue 26th Aug Early"]
[Site "chess.com INT"]
[Date "2025.08.26"]
[Round "9"]
[White "Srihari, L R"]
[Black "Drygalov, Sergey"]
[Result "0-1"]
[WhiteTitle "GM"]
[BlackTitle "GM"]
[WhiteElo "2482"]
[BlackElo "2560"]
[WhiteFideId "46617116"]
[BlackFideId "24171743"]
[EventDate "2025.08.26"]

1. d4 Nf6 2. Nf3 d5 3. c4 e6 4. Nc3 c6 5. g3 dxc4 6. Bg2 Nbd7 7. a4 Bb4 8. O-O
O-O 9. Nd2 e5 10. Nxc4 exd4 11. Qxd4 Nc5 12. Qh4 Nb3 13. Rb1 Nxc1 14. Rbxc1 Be6
15. Rfd1 Qe7 16. Ne4 Nxe4 17. Qxe7 Bxe7 18. Bxe4 a5 19. b3 Bb4 20. Rd3 Rad8 21.
Rcd1 Rxd3 22. Rxd3 g6 23. f4 Re8 24. Bf3 Bf5 25. e4 Bxe4 26. Bxe4 Rxe4 27. Kf2
Re7 28. Kf3 Kg7 29. g4 f6 30. h4 b5 31. Nb6 Rb7 32. Nd7 bxa4 33. bxa4 c5 34. g5
fxg5 35. hxg5 c4 36. Rd4 c3 37. Nf6 Kf7 38. Rc4 Rb8 39. Nd5 Rd8 40. Ke4 Re8+ 41.
Kd4 Re1 42. Nxc3 Ke6 43. Kd3 Kf5 44. Nd5 Rd1+ 0-1

[Event "Titled Tue 26th Aug Early"]
[Site "chess.com INT"]
[Date "2025.08.26"]
[Round "9"]
[White "Bahmani, Koorosh"]
[Black "Zdorov, Egor Vit"]
[Result "0-1"]
[WhiteTitle "CM"]
[BlackTitle "CM"]
[WhiteElo "2205"]
[BlackElo "2094"]
[WhiteFideId "42576750"]
[BlackFideId "55688560"]
[EventDate "2025.08.26"]

1. Nf3 d5 2. g3 Nf6 3. Bg2 Bf5 4. c4 c6 5. Qb3 Qb6 6. d3 e6 7. Be3 Qxb3 8. axb3
a6 9. Bd4 Nbd7 10. Nh4 Bg6 11. Nxg6 hxg6 12. Bc3 Be7 13. O-O O-O 14. b4 b5 15.
Nd2 e5 16. Nb3 bxc4 17. dxc4 e4 18. c5 Ne8 19. Nd4 Nb8 20. Ra4 Nc7 21. Rfa1 f5
22. e3 Bf6 23. Bf1 Kf7 24. Nb3 Nb5 25. Bxf6 Kxf6 26. Na5 Nc7 27. Nb7 Nb5 28. Ra5
Rf7 29. Nd6 Nxd6 30. cxd6 Ke6 31. Bxa6 Kxd6 32. Be2 Rxa5 33. bxa5 Ra7 34. Kf1 c5
35. b3 Nc6 36. a6 d4 37. exd4 cxd4 38. Bc4 d3 39. Ke1 Kc5 40. Bg8 Nd4 41. b4+
Kxb4 42. Kd1 Kc5 43. Bh7 g5 44. Bg6 Kd6 0-1

[Event "Titled Tue 26th Aug Early"]
[Site "chess.com INT"]
[Date "2025.08.26"]
[Round "9"]
[White "Carafizi, Vasile"]
[Black "Pournami S"]
[Result "0-1"]
[WhiteTitle "FM"]
[BlackTitle "WCM"]
[WhiteElo "2134"]
[BlackElo "1753"]
[WhiteFideId "4002539"]
[BlackFideId "25732439"]
[EventDate "2025.08.26"]

1. d4 Nf6 2. c4 e6 3. Nc3 d5 4. cxd5 exd5 5. Bg5 Be7 6. e3 O-O 7. Bd3 h6 8. Bf4
b6 9. h3 Bb7 10. Nf3 c5 11. O-O Nc6 12. Ne5 Bd6 13. Bg3 Re8 14. Bb5 Rc8 15. Qa4
Bxe5 16. Bxe5 a6 17. Bxc6 Rxc6 18. Rfd1 b5 19. Qc2 c4 20. Ne2 b4 21. Qf5 Bc8 22.
Qf3 Ne4 23. Ng3 Ng5 24. Qe2 a5 25. Rac1 Ba6 26. Qg4 Rg6 27. Qh5 Ne4 28. Nf5 Rg5
29. Qf3 Bc8 30. Ng3 c3 31. Nxe4 dxe4 32. Qxe4 cxb2 33. Rb1 Bf5 34. Qc6 Bxh3 35.
Bg3 Bf5 36. Rxb2 h5 37. Rc1 Rg6 38. Qf3 h4 39. Qf4 Bg4 40. Bxh4 Qxh4 41. Qg3 Qh5
42. Qf4 Be6 43. f3 Bd5 44. Qc7 Bxf3 0-1

[Event "Titled Tue 26th Aug Early"]
[Site "chess.com INT"]
[Date "2025.08.26"]
[Round "9"]
[White "Feuerstack, Aljoscha"]
[Black "Sarveshwaran V"]
[Result "1-0"]
[WhiteTitle "IM"]
[BlackTitle "CM"]
[WhiteElo "2449"]
[BlackElo "2290"]
[WhiteFideId "4681932"]
[BlackFideId "25699016"]
[EventDate "2025.08.26"]

1. e4 e6 2. d3 d5 3. Nd2 c5 4. Ngf3 Nf6 5. g3 Nc6 6. Bg2 Be7 7. O-O O-O 8. Re1
Rb8 9. e5 Ne8 10. Nf1 Nc7 11. h4 h6 12. N1h2 Re8 13. Ng4 f5 14. Nxh6+ gxh6 15.
Bxh6 Bf8 16. Bg5 Qd7 17. Bf6 Qh7 18. Ng5 Qh6 19. c4 d4 20. g4 f4 21. Ne4 Be7 22.
Qf3 Rf8 23. Bg5 Qg6 24. h5 Qf7 25. Bxe7 Qxe7 26. Nf6+ Rxf6 27. exf6 Qxf6 28. Qe4
e5 29. Qe2 Bd7 30. Rac1 a5 31. b3 Re8 32. Bd5+ Nxd5 33. cxd5 Nb4 34. Rxc5 b6 35.
Rc7 Qd6 36. Ra7 Nxd5 37. Qe4 Ne7 38. Qxe5 Qc6 39. Qg5+ Kf8 40. Qxf4+ Kg8 41.
Qg5+ Kf8 42. Qf4+ Kg8 43. Qxd4 Be6 44. Qf6 Qc3 45. Qxc3 Nd5 46. Qg7# 1-0

[Event "Titled Tue 26th Aug Early"]
[Site "chess.com INT"]
[Date "2025.08.26"]
[Round "9"]
[White "Arnold, Rhys"]
[Black "Zaw, Ye Htut"]
[Result "1-0"]
[WhiteTitle "FM"]
[BlackTitle "CM"]
[WhiteElo "2269"]
[BlackElo "2074"]
[WhiteFideId "1068849"]
[BlackFideId "13013955"]
[EventDate "2025.08.26"]

1. e4 d5 2. exd5 Qxd5 3. Nc3 Qa5 4. d4 Nf6 5. Nf3 Nc6 6. Bb5 Nd5 7. Bd2 Nxc3 8.
Bxc6+ bxc6 9. Bxc3 Qd5 10. h3 Bf5 11. O-O e6 12. Re1 Bd6 13. b3 Be4 14. Bb2 Bxf3
15. Qxf3 Qxf3 16. gxf3 O-O-O 17. Re2 h5 18. Kh1 Rh6 19. Rg1 Rf6 20. Re3 g6 21.
d5 Rf5 22. dxe6 Bc5 23. Re2 Rxf3 24. exf7 Rxf7 25. Rxg6 Bxf2 26. Kg2 Bb6 27. Bc3
Rd1 28. Be1 Kb7 29. h4 Ra1 30. c4 Bd4 31. Rg5 c5 32. Rxh5 Bf6 33. Rf5 Rg7+ 34.
Kf3 Bd4 35. h5 Rd1 36. h6 Rd3+ 37. Ke4 Rgg3 38. Bxg3 Rxg3 39. Rh5 Rg4+ 40. Kf3
Rg8 41. h7 Rh8 42. Re7 Kc6 43. Rg5 Kd6 44. Rf7 Ke6 45. Rxc7 Bf6 46. Rg8 Kd6 47.
Rxh8 Bxh8 48. Rxa7 1-0

[Event "Titled Tue 26th Aug Early"]
[Site "chess.com INT"]
[Date "2025.08.26"]
[Round "9"]
[White "Imomkuzieva, Nilufarkhon"]
[Black "Herbrig, Alexander"]
[Result "0-1"]
[WhiteTitle "WFM"]
[BlackTitle "FM"]
[WhiteElo "2105"]
[BlackElo "2292"]
[WhiteFideId "14216736"]
[BlackFideId "12952044"]
[EventDate "2025.08.26"]

1. e4 c5 2. Nf3 d6 3. d4 cxd4 4. Nxd4 Nf6 5. Nc3 g6 6. Be3 Nc6 7. f3 h5 8. Qd2
Nxd4 9. Bxd4 Bh6 10. Be3 Bxe3 11. Qxe3 Be6 12. Bd3 Qa5 13. h3 Rc8 14. f4 h4 15.
O-O Qc5 16. Qxc5 Rxc5 17. Ne2 Kd7 18. Nd4 Rhc8 19. b3 a6 20. c4 Kd8 21. Nxe6+
fxe6 22. e5 dxe5 23. Bxg6 exf4 24. Rxf4 Rg5 25. Be4 Kc7 26. Bf3 Rh8 27. Re1 e5
28. Rg4 Nxg4 29. Bxg4 Rf8 30. Re4 Rf4 31. Re2 Rg8 32. Rxe5 Kd6 33. Re6+ Kc5 34.
Rxe7 b5 35. Re5+ Kb4 36. Be2 bxc4 37. Bxc4 Rg6 38. Re2 a5 39. a4 Rc6 40. Re5 Rc5
41. Re8 Kc3 42. Re3+ Kd2 43. Rf3 Rxf3 44. gxf3 Ke3 45. f4 Kxf4 46. Kf2 Re5 47.
Bg8 Re3 48. Kg2 Re2+ 49. Kh1 Kg3 0-1

[Event "Titled Tue 26th Aug Early"]
[Site "chess.com INT"]
[Date "2025.08.26"]
[Round "9"]
[White "Kleibel, Uwe"]
[Black "Dishman, Stephen"]
[Result "0-1"]
[WhiteTitle "FM"]
[BlackTitle "FM"]
[WhiteElo "2301"]
[BlackElo "2254"]
[WhiteFideId "1270982"]
[BlackFideId "403024"]
[EventDate "2025.08.26"]

1. e4 c6 2. Nc3 d5 3. Nf3 dxe4 4. Nxe4 Nf6 5. Qe2 Nxe4 6. Qxe4 Nd7 7. Bc4 Nf6 8.
Qe2 Bf5 9. d4 e6 10. c3 Be7 11. O-O O-O 12. Nh4 Bg4 13. Qc2 Nd5 14. h3 Bxh3 15.
gxh3 Bxh4 16. Bd3 f5 17. Kh1 Qe8 18. Qe2 Qf7 19. Rg1 Rae8 20. Bh6 Bf6 21. f4 Kh8
22. Bg5 Bxg5 23. fxg5 Nf4 24. Qf3 e5 25. dxe5 Nxd3 26. Qxd3 Rxe5 27. Qg3 Rfe8
28. Raf1 Qd5+ 29. Kh2 Re2+ 30. Rf2 Qd2 31. Rgg2 Rxf2 32. Rxf2 Qd5 33. a3 g6 34.
Qf4 Qe5 35. Qxe5+ Rxe5 36. Rc2 Kg7 37. Rd2 Kf7 38. Kg3 Ke7 39. h4 Re4 40. Rd3
Rg4+ 41. Kh3 a5 42. b4 a4 43. Rd1 Rc4 44. Rd3 Re4 45. Kg3 Ke6 46. Kh3 b5 47. Kg3
Ke5 48. Kh3 f4 49. Kg4 Re2 50. Rd8 Rg2+ 51. Kf3 Rg3+ 52. Kf2 Rxc3 53. Rh8 Ke4
54. Re8+ Kf5 55. Re7 Kg4 56. Rxh7 Rc2+ 57. Ke1 f3 58. h5 Kg3 59. Rf7 f2+ 60. Kf1
Rc1+ 61. Ke2 Re1+ 62. Kd2 f1=Q 63. Rxf1 Rxf1 64. hxg6 Rf8 0-1

[Event "Titled Tue 26th Aug Early"]
[Site "chess.com INT"]
[Date "2025.08.26"]
[Round "9"]
[White "Amburgy, Ryan"]
[Black "Pham, Le Thao Nguyen"]
[Result "1-0"]
[WhiteTitle "FM"]
[BlackTitle "IM"]
[WhiteElo "2363"]
[BlackElo "2348"]
[WhiteFideId "30924820"]
[BlackFideId "12401226"]
[EventDate "2025.08.26"]

1. d4 d5 2. c4 c6 3. Nf3 Nf6 4. Nc3 dxc4 5. a4 Bf5 6. Ne5 Na6 7. e3 Nb4 8. Bxc4
e6 9. O-O Bd6 10. f3 Bxe5 11. dxe5 Nd7 12. e4 Nxe5 13. exf5 Qxd1 14. Rxd1 Nxc4
15. fxe6 fxe6 16. Bg5 a5 17. Re1 O-O 18. Rad1 Rae8 19. b3 Nb6 20. Ne4 h6 21. Bh4
g5 22. Bf2 N6d5 23. Nc5 Nf4 24. Nxb7 Nbd3 25. Re3 Rb8 26. Nxa5 Nxf2 27. Kxf2 Rb6
28. Rd6 Rf5 29. Nxc6 Kg7 30. Rd7+ Kf6 31. Nd4 Rd5 32. Rxd5 Nxd5 33. Rd3 Rb4 34.
Nc2 Rb7 35. Ne3 Nf4 36. Rc3 Rd7 37. g3 Nd3+ 38. Ke2 Nb4 39. Rc8 h5 40. Rh8 Kg6
41. h4 gxh4 42. gxh4 Rd3 43. Rg8+ Kf6 44. Rg5 Rxb3 45. Rxh5 Rb2+ 46. Kf1 Nd3 47.
Ng4+ Ke7 48. Rh7+ Kd6 49. h5 Rb1+ 50. Ke2 Nf4+ 51. Ke3 e5 52. Rh6+ Kd5 53. Nf6+
Kc4 54. Ke4 Rh1 55. Kxe5 Nd3+ 56. Kf5 Nc5 57. Rh8 Nxa4 58. h6 Nc5 59. h7 Nd3 60.
Rc8+ Kd4 61. h8=R 1-0

[Event "Titled Tue 26th Aug Early"]
[Site "chess.com INT"]
[Date "2025.08.26"]
[Round "9"]
[White "Morozov, Egor"]
[Black "Estrada Nieto, Julian"]
[Result "1-0"]
[WhiteTitle "FM"]
[BlackTitle "IM"]
[WhiteElo "2291"]
[BlackElo "2182"]
[WhiteFideId "24102121"]
[BlackFideId "5101018"]
[EventDate "2025.08.26"]

1. e4 e5 2. Nf3 Nc6 3. Bb5 a6 4. Ba4 Nf6 5. O-O Be7 6. Re1 b5 7. Bb3 d6 8. a4
Bd7 9. c3 O-O 10. h3 h6 11. d4 Re8 12. Nbd2 Bf8 13. d5 Ne7 14. Nf1 Ng6 15. a5 c5
16. dxc6 Bxc6 17. Ng3 d5 18. exd5 Bxd5 19. Bc2 e4 20. Nd4 Bb7 21. Ngf5 b4 22.
Ba4 Re5 23. Bc6 Bxc6 24. Ne3 Bb7 25. Nc4 Re8 26. Nb6 Rb8 27. Qa4 bxc3 28. bxc3
Nd5 29. Nxd5 Qxd5 30. Be3 Rbc8 31. Red1 Qc4 32. Qd7 Qc7 33. Qg4 Ne5 34. Qh4 Be7
35. Qg3 Nc4 36. Bf4 Bd6 37. Nf5 Be5 38. Nxh6+ Kf8 39. Nf5 g6 40. Qh4 gxf5 41.
Qh6+ Bg7 42. Qh4 Qc6 43. Bg5 e3 44. f3 Qg6 45. Bf4 e2 46. Re1 1-0

[Event "Titled Tue 26th Aug Early"]
[Site "chess.com INT"]
[Date "2025.08.26"]
[Round "9"]
[White "Mekhitarian, Krikor Sevag"]
[Black "Mikhailovsky, Vladimir"]
[Result "0-1"]
[WhiteTitle "GM"]
[BlackTitle "CM"]
[WhiteElo "2549"]
[BlackElo "2215"]
[WhiteFideId "2107660"]
[BlackFideId "34105414"]
[EventDate "2025.08.26"]

1. Nf3 Nf6 2. c4 b6 3. Nc3 Bb7 4. d4 Ne4 5. Nxe4 Bxe4 6. Nd2 Bb7 7. e4 g6 8. Bd3
Bg7 9. Nf3 O-O 10. O-O d6 11. Re1 Nd7 12. Bg5 c5 13. Be3 cxd4 14. Bxd4 Ne5 15.
Nxe5 Bxe5 16. Bxe5 dxe5 17. b4 Qc7 18. Qb3 Rad8 19. Re3 Rd4 20. f3 Rfd8 21. Rc1
Bc8 22. a3 Be6 23. Qc3 a5 24. c5 axb4 25. axb4 bxc5 26. bxc5 Qa7 27. Bf1 Rc8 28.
h3 Kg7 29. Kh2 Bc4 30. Bxc4 Rxc5 31. Qb2 Rdxc4 32. Rxc4 Rxc4 33. Qxe5+ f6 34.
Qd5 Qc7+ 35. e5 Rc5 36. Qe6 Rxe5 37. Rxe5 Qxe5+ 38. Qxe5 fxe5 39. Kg3 Kf6 40.
Kf2 Kf5 41. Ke3 h5 42. h4 g5 43. hxg5 Kxg5 44. g3 Kf5 45. Kd3 e4+ 46. Ke3 exf3
47. Kxf3 e6 48. Kf2 Kg4 49. Kg2 e5 50. Kf2 e4 0-1

[Event "Titled Tue 26th Aug Early"]
[Site "chess.com INT"]
[Date "2025.08.26"]
[Round "9"]
[White "Gubajdullin, Alexei"]
[Black "Megalios, Konstantinos"]
[Result "0-1"]
[WhiteTitle "FM"]
[BlackTitle "IM"]
[WhiteElo "2228"]
[BlackElo "2383"]
[WhiteFideId "4141202"]
[BlackFideId "4238044"]
[EventDate "2025.08.26"]

1. Nf3 Nf6 2. g3 g6 3. Bg2 Bg7 4. O-O O-O 5. d3 c5 6. e4 Nc6 7. Nbd2 d6 8. Nc4
b5 9. Ne3 Rb8 10. Ng5 e5 11. f4 Nh5 12. Nd5 exf4 13. gxf4 Be6 14. f5 Bxd5 15.
exd5 Ne5 16. fxg6 hxg6 17. c3 b4 18. d4 bxc3 19. bxc3 cxd4 20. cxd4 Nc4 21. Kh1
Qb6 22. a4 Qxd4 23. Qxd4 Bxd4 24. Ra2 Rb1 25. Rc2 Ne3 26. Bxe3 Rxf1+ 27. Bxf1
Bxe3 28. Ne4 Bf4 29. Rc6 Re8 30. Nxd6 Re1 31. Kg2 Rd1 32. Rc8+ Kg7 33. Ne8+ Kh6
34. Rd8 Bg5 35. Rd7 Nf4+ 36. Kf2 Bh4+ 37. Ke3 Rxf1 38. d6 Bg5 39. Kd4 Rd1+ 40.
Kc4 f5 41. Rxa7 Ng2 42. d7 f4 43. Kc5 f3 44. Nd6 f2 45. Nf7+ Kh5 46. Ra8 Be7+
47. Kc4 f1=Q+ 48. Kb3 Ne1 49. Rh8+ Kg4 50. Ne5+ Kg5 51. h4+ Kf6 0-1